000 01756nam2a2200301 4500
001 v19\rc\2077001
005 20250620043329.0
035 _a(NLR Aleph) 005173847
090 _a5088814
_c5088814
100 _a20081218d1905 |||y0rusy50 ca
101 1 _arus
_cpol
102 _aRU
105 _ay z |||||
200 1 _aPro domo mea
_aDe profundis
_aУ моря
_aВигилии
_f...пер. М. Н. Семенова
_gобложка Н. Надельмана
210 _d1905
_aБ. м.
215 _a[8], 356 с.
423 0 _12001#$aАметисты$aДень вознесения$f...пер. С. А. Полякова
_1210##$aМосква$d1905
_tДень вознесения
423 0 _12001#$aСыны земли$f..единственный разреш. авт. пер. Е. Траповского
_1210##$aМосква$d1905
_tСыны земли
461 0 _1001v19\rc\2049549
_12001#$aСобрание сочинений Станислава Пшибышевского$e[перевод]$v[Кн. 2]
_1700#1$aПшибышевский$bС.$f1868-1927$gСтанислав$3RU\NLR\AUTH\7788975
_97648152
_aПшибышевский, С. (1868-1927)
_cМосква
_d1904
_nСкорпион
_o[перевод]
_tСобрание сочинений Станислава Пшибышевского
_v[Кн. 2]
702 1 _4730
_7ca
_8rus
_aПоляков
_bС. А.
_cпромышленник, издатель, переводчик
_f1874-1943
_gСергей Александрович
_9253971
_3RU\NLR\AUTH\770254027
702 1 _aНадельман
_bН.
_4440
801 0 _aRU
_bNLR
_gpsbo
801 1 _aRU
_bProSoft-M
_2rusmarc
852 _aNLR
_j38.59.6.16
852 _aNLR
_j130/5535
942 _cBOOK
980 _aNB